| 000 | 00604nam a2200157Ka 4500 | ||
|---|---|---|---|
| 082 |
_a993.01 _bALE _cD |
||
| 100 | 1 |
_aAlexander, James Edward, _950099 |
|
| 245 | 1 | 0 |
_aBush fighting _billustrated by remarkable actions and incidents of the Maori war in New Zealand / _cby James Edw. Alexander. |
| 260 |
_aLondon : _bLow, Marston, Low and Searle, _c1873. |
||
| 300 |
_a326 p. : _bill. ; _c22 cm. |
||
| 526 |
_a0 _b0 _c0 _d993_010000000000000_ALE |
||
| 650 | 0 |
_aMaori (New Zealand people) _950100 |
|
| 650 | 0 |
_aMCE _9379 |
|
| 856 | 4 | 0 | _uhttp://catalog.hathitrust.org/api/volumes/oclc/12561757.html |
| 942 |
_2ddc _cBK |
||
| 999 |
_c552843 _d552843 |
||